00440nam a2200157Ia 4500008004100000020001800041082001500059100002100074245002500095250000800120260004100128300002300169500001900192600002100211650005000232240925s9999 xx 000 0 und d a9781305080195 a004.22 BUR aBurd, Stephen D. 0aSystems architecture a7th aAustralia:bCENGAGE Learningc,2016. a544p.b0fOriginal aIncludes Index aComputer Science aComputer science, information & general works